| 000 | 01020nam a2200313 i 4500 | ||
|---|---|---|---|
| 003 | EG-GICUC | ||
| 005 | 20260514125359.0 | ||
| 008 | 260514s1979 fr |||fr|||| 000 0 Fre d | ||
| 020 | _a2717801480 | ||
| 040 |
_aEG-GiCUC _bfre _cEG-GiCUC _dEG-GiCUC _eRda |
||
| 041 | 0 | _afre | |
| 082 | 0 | 4 |
_a345.6 _bDU . S _221 |
| 092 | 0 | 4 | _221 |
| 099 | _aLaw 07 345.6 DU . S 1979 | ||
| 100 | 1 |
_aDupuis, Georges. _eAuteur |
|
| 245 | 2 | 0 |
_aSur La Forme Et La Procédure De L'Acte Administratif / _cPar Georges Dupuis. _b |
| 264 | 1 |
_aParis : _bEd Economica, _c1979. |
|
| 300 |
_a127 Page ; _c 24 cm. |
||
| 336 |
_2rda contenu _a texte |
||
| 337 |
_2rda medias _aOrdinateur |
||
| 338 |
_2 transporteur rda _a Ressource en ligne |
||
| 490 |
_aScience Juridiques _vAdministration Publique |
||
| 500 | _aRecherches Panthéon-Sorbonne Université Paris I | ||
| 546 | _aTexte en français | ||
| 650 | 1 | _aDroit Administratif | |
| 856 | 4 | 0 | _uhttps://fll.law.cu.edu.eg/fulltext/bks/B07-06155.pdf |
| 905 | _a64 | ||
| 942 |
_2ddc _n0 _cBK _e21 |
||
| 999 |
_c76883 _d76883 |
||